Normal view
MARC view
Entry Personal Name
001 - CONTROL NUMBER
- control field: 423075
003 - CONTROL NUMBER IDENTIFIER
- control field: OSt
005 - DATE AND TIME OF LATEST TRANSACTION
- control field: 20220928111311.0
008 - FIXED-LENGTH DATA ELEMENTS
- fixed length control field: 220928|| aca||aabn | a|a d
040 ## - CATALOGING SOURCE
- Original cataloging agency: OSt
- Transcribing agency: OSt
100 ## - HEADING--PERSONAL NAME
- Personal name: Tarlekar G H
670 ## - SOURCE DATA FOUND
- Source citation: Work cat.: (OSt)739553: Tarlekar G H, Vedic music and its application in rituals., 1995
